000 00705ngm a2200289 a 4500
003 OSt
005 20251020182659.0
008 240217s9999 xx 000 0 und d
040 _aPE SENCICO BE
040 _cPE SENCICO BE
041 _aspa
082 _aJ002
245 0 _aTransformaciones rigurosas de Sistemas de coordenados geocéntricos /
245 0 _cNational Geodetic Survey
260 _aNueva York
260 _bNational Geodetic Survey
260 _c1999
300 _a1 VIDEO
300 _bson., Col.
300 _c1:26'
490 _aINFORMACION GEOGRAFICA
511 _aSoler, Tomas
650 _aGEOMATICA
651 _aEE.UU.
910 _aila.
942 _cVID
_2ddc
999 _c4780
_d4780